00399nam a22001457a 4500003000500000038001100005082001600016100002600032245004000058260003800098300001200136500001500148880005400163880003600217NUST awaseem a891.42bSAR aSarshar, Abdul Hameed aAdabi Risma /cAbdul Hameed Sarshar aLahore :bAziz Publishers,c1985. a87 p. ; aPaperback. 6100-02\raحافظ عبدالحمید سر شار 6245-02\raادبی رشماں /